Loading...
| Arts - Music | 6 | 13.33 | 100% | 33% | 0% |
| Arts - Other Arts | 5 | 20.00 | 80% | 100% | 20% |
| Arts - Painting | 3 | 16.67 | 100% | 67% | 0% |
| History - American History | 5 | 10.00 | 100% | 0% | 0% |
| History - European | 5 | 14.00 | 80% | 60% | 0% |
| History - Other History | 4 | 10.00 | 100% | 0% | 0% |
| History - World | 2 | 20.00 | 100% | 50% | 50% |
| History - World History | 5 | 18.00 | 100% | 40% | 40% |
| Literature - American Lit | 4 | 22.50 | 100% | 100% | 25% |
| Literature - British Lit | 5 | 16.00 | 80% | 60% | 20% |
| Literature - European Lit | 4 | 15.00 | 100% | 50% | 0% |
| Literature - World Lit | 5 | 12.00 | 100% | 20% | 0% |
| Mythology | 4 | 12.50 | 100% | 25% | 0% |
| Other - Geo/CE | 5 | 18.00 | 100% | 60% | 20% |
| Other Academic | 7 | 12.86 | 100% | 29% | 0% |
| Pop Culture | 5 | 14.00 | 80% | 40% | 20% |
| Religion | 3 | 16.67 | 100% | 67% | 0% |
| Science - Biology | 6 | 11.67 | 83% | 33% | 0% |
| Science - Chemistry | 4 | 15.00 | 100% | 50% | 0% |
| Science - Engineering | 1 | 20.00 | 100% | 100% | 0% |
| Science - Other Science | 4 | 12.50 | 100% | 25% | 0% |
| Science - Physics | 6 | 11.67 | 83% | 33% | 0% |
| Thought - Philosophy | 3 | 6.67 | 67% | 0% | 0% |
| Thought - Social Science | 4 | 10.00 | 100% | 0% | 0% |